All Dumbo characters by screen time - Statistics

General Stats
  • This quiz has been taken 6 times
  • The average score is 5 of 15
Answer Stats
% Of Movie Screen Time Answer % Correct
33.79 21:33 Dumbo
100%
11.31 7:13 Mrs Jumbo
75%
17.36 17:36 Timothy Q. Mouse
75%
7.08 4:31 Ringmaster
50%
8.86 5:39 Catty
25%
6.38 4:04 Dandy Crow
25%
5.83 3:43 Deacon Crow
25%
10.56 6:44 Elephant Matriarch
25%
7.53 4:48 Giddy
25%
9.54 6:05 Prissy
25%
13.04 8:19 Casey Junior
0%
5.91 3:46 Dopey Crow
0%
5.51 3:31 Fats Crow
0%
5.85 3:44 Specks Crow
0%
4.83 3:05 Stork
0%
No matching quizzes found
Score Distribution
Percent of People with Each Score
Percentile by Number Answered
Your Score History
You have not taken this quiz